Managing suppliers and partners for the academic library
Shranjeno v:
| Glavni avtor: | |
|---|---|
| Format: | Knjiga |
| Jezik: | Undetermined |
| Izdano: |
London
Facet
2005
|
| Teme: | |
| Oznake: |
Označite
Brez oznak, prvi označite!
|
| Thư viện lưu trữ: | Trung tâm Học liệu Trường Đại học Cần Thơ |
|---|
| LEADER | 00510nam a2200181Ia 4500 | ||
|---|---|---|---|
| 001 | CTU_103033 | ||
| 008 | 210402s9999 xx 000 0 und d | ||
| 082 | |a 025.1977 | ||
| 082 | |b B187 | ||
| 100 | |a Ball, David | ||
| 245 | 0 | |a Managing suppliers and partners for the academic library | |
| 245 | 0 | |c David Ball | |
| 260 | |a London | ||
| 260 | |b Facet | ||
| 260 | |c 2005 | ||
| 650 | |a Library science,Information resource management | ||
| 904 | |i Minh | ||
| 980 | |a Trung tâm Học liệu Trường Đại học Cần Thơ | ||